Responses for Show #1158 - Wednesday, September 20, 1989

Larry McKnight game 4.

Contestants

Arthur Steiner, a researcher and writer from Los Angeles, California

Stephen Lee, a college instructor from Newbury Park, California

Larry McKnight, a computer analyst from Ventura, California (whose 3-day cash winnings total $36,702)

Jeopardy! Round responses

THE BIBLE
CELEBRITY QUOTES
FLAGS
TV THEMES
THE AUTO INDUSTRY
FAIRIES & WEE FOLK
    $100 15
The Plagues of Egypt

Larry
    $100 10
Last

Arthur
    $100 20
Ferdinand & Isabella

Larry
    $100 4
Cheers

Larry
    $100 1
Chrysler

Larry
    $100 26
Fairy Godmother

Stephen
    $200 16
Changing Water into Wine

Larry
    $200 11
Supporting Actress Oscar

Arthur
    $200 22
Upside-Down

Arthur
    $200 6
Zorro

Stephen
    $200 2
Henry Ford

Larry
    $200 27
Rumplestiltskin

Larry
    $300 17
Kingdom of Heaven

Larry
    $300 12
[Alex read "NSC" as "National Security Council".]

Fawn Hall

Larry
    $500 23
(A: What is the color red?)

The Star

Arthur
    $300 7
Carol Burnett

Larry
    $300 3
(L: What is the 24 hours of Le Mans?)

Grand Prix

LarryStephen
    $300 28
Shoemaking

Larry
    $400 18
Job

Stephen
    $400 13
Greta Garbo

Larry
    $400 24
Falkland Islands (or Malvinas)

Stephen
    $400 9
Married... with Children

Arthur
    $400 5
Ralph Nader

Arthur
    $400 29
Oberon

Larry
    $500 21
Golgotha

Larry
    $500 14
(L: What is forget?)
(Movie quote: "You don't know how to whistle, Steve? Just put your lips together and blow.")

Whistle

Larry
Triple Stumper
    $500 25
(less than a minute in the round...)

Rwanda

Larry
    $500 19
(Alex: "Keep them doggies rollin'!")

Rawhide

Arthur
    $500 8
Rambler

Stephen
    $500 30
pixie

Larry

Scores at the first commercial break (after clue 14):

Larry Stephen Arthur
$600 $1,000 $1,100

Scores at the end of the Jeopardy! Round:

Larry Stephen Arthur
$3,700 $1,900 $1,300

Double Jeopardy! Round responses

SCIENCE
BOOKS & AUTHORS
ENGLISH CLASS
AMERICAN HISTORY
DESIGN
ACTOR-DIRECTORS
    $200 5
Water

Stephen
    $200 9
Alaska

Stephen
    $200 18
Past, Present & Future

Arthur
    $200 1
Patrick Henry

Larry
    $200 26
China

Larry
    $200 4
Anthony Perkins

Stephen
    $400 6
Helium

Stephen
    $400 10
Billy the Kid

Arthur
    $400 22
Prepositions

Arthur
    $400 2
Hanging

Larry
    $400 27
Tiffany

Larry
    $400 15
Sam Shepard

Larry
    $1,800 7
Dog (Laika)

Stephen
    $600 11
Rudyard Kipling

Larry
    $1,500 23
Predicate

Arthur
    $600 3
The St. Valentine's Day Massacre

Stephen
    $600 28
(S: What is Greece?)

Persia

LarryStephen
    $600 19
John Cassavetes

Arthur
    $800 8
Allows it to Clot

Arthur
    $800 13
Rachel Carson

Stephen
    $800 24
(L: What is declination?)

Declension

LarryStephen
    $800 16
Pocahontas

Larry
    $800 29
Faberge

Larry
    $800 20
(L: Who is Richard Burton?)
(A: Who is Franklin Nero?)
(Richard Harris starred in the film; Richard Burton, in the Broadway production)

Richard Harris

LarryStephenArthur
    $1000 12
Quantum Theory

Larry
    $1000 14
(Stephen: What is Ordinary People?)

The Two Mrs. Grenvilles

Stephen
Triple Stumper
    $1000 25
John

Larry
    $1000 17
Sojourner Truth

Arthur
    $1000 30
Marble

Larry
    $1000 21
"My Favorite Year"

Larry

Scores at the end of the Double Jeopardy! Round:

Larry Stephen Arthur
$10,500 $6,100 $5,400

[wagering suggestions for these scores]

Final Jeopardy! Round responses

LONDON LANDMARKS
ArthurWhat is Parliament?
$5,399
StephenWhat is Westminster Abbey?
$6,100
LarryWhat is the Tower of London?
$1,701
Scotland Yard

Final scores:

Larry Stephen Arthur
$8,799 $0 $1
4-day champion: $45,501 3rd place: Pair of Fred Joaillier Watches 2nd place: Trip to Denver, Colorado

Game dynamics:

Coryat scores:

Larry Stephen Arthur
$10,500 $4,900 $5,000
29 R,
4 W
15 R
(including 1 DD),
2 W
13 R
(including 1 DD),
2 W
(including 1 DD)

Combined Coryat: $20,400

[game clues] [game scores] [suggest correction]

Game tape date: 1989-06-14
The J! Archive is created by fans, for fans. Scraping, republication, monetization, and malicious use prohibited; this site may use cookies and collect identifying information. See terms. The Jeopardy! game show and all elements thereof, including but not limited to copyright and trademark thereto, are the property of Jeopardy Productions, Inc. and are protected under law. This website is not affiliated with, sponsored by, or operated by Jeopardy Productions, Inc. Join the discussion at JBoard.tv.